000 00484nam a2200145 4500
999 _c10980
_d10980
008 181002b ||||| |||| 00| 0 eng d
022 _a2094-8042
082 _aDPer 370.105 M72 Jan-Dec 2011 v59-60
100 _931892
_aAngeles, Neil G.
245 _aAng birheng kagubatan/
_cNeil G. Angeles.
260 _aPhilippines:
_bIn the Grade School, Inc.,
_cc2011.
300 _av60 n6, pages 258-259:
_billustrations;
_c27cm.
650 0 _931893
_aForest and forestry.
942 _2ddc
_cPER